000 01222nam a2200229Ia 4500
001 L100-51629
003 IT-CnALBA
008 170116s9999||||xx |||||||||||||| ||und||
040 _aIT-CnALBA
_cIT-CnALBA
041 _aITALIANO
100 _aMANENTI ALESSANDRO
245 0 _aIL PENSARE PSICOLOGICO. ASPETTI E PROSPETTIVE.
250 _a1a ed.
260 _a BOLOGNA - NAPOLI
_bDEHONIANE EDIZIONI
_c1996 [1° Ed.:1996 - Ed.Ling.Originale: 1996]
300 _a131 p.
500 _aINIZIO DALLE IDEE. CONOSCENZA DELL'ESSENZA. COME LA CONOSCENZA DELL'INTERIORITÀ. L'INSIGHT. PSICOLOGIA COME SCIENZA UMANISTICA. TEORIE PSICOLOGICHE E LORO VERITÀ. PROSPETTIVA PROPOSTE. STIMOLI PER LA RIFLESSIONE PERSONALE. INDICE AUTORI E ANALITICO.
501 _aSocietà San Paolo EM - Piazza San Paolo, 14 - 12051 ALBA (CN) (non commercial uses only) ® Copyright 2017
520 _aINIZIO DALLE IDEE. CONOSCENZA DELL'ESSENZA. COME LA CONOSCENZA DELL'INTERIORITÀ. L'INSIGHT. PSICOLOGIA COME SCIENZA UMANISTICA. TEORIE PSICOLOGICHE E LORO VERITÀ. PROSPETTIVA PROPOSTE. STIMOLI PER LA RIFLESSIONE PERSONALE. INDICE AUTORI E ANALITICO.
650 _aFILOSOFIA E DISCIPLINE COLLEGATE
942 _cBK
957 _71
999 _a67109
_bNO
_g Copie: 1
_c310512
_d310512